Groups that work; the missing ingredient/
Saved in:
| Other Authors: | |
|---|---|
| Format: | Book |
| Language: | English |
| Published: |
Grand Rapids:
Zondervan Pub. House,
1967.
|
| Subjects: | |
| Tags: |
No Tags, Be the first to tag this record!
|
MARC
| LEADER | 00000nam a22000007a 4500 | ||
|---|---|---|---|
| 003 | KE-NaDUL | ||
| 005 | 20230524111010.0 | ||
| 008 | 230524b |||||||| |||| 00| 0 eng d | ||
| 040 | |a DUL |c DUL |d Pmahero | ||
| 050 | 0 | 0 | |a BV652.2.G76 1967 |
| 245 | 0 | 0 | |a Groups that work; |b the missing ingredient/ |c Perceptive chapters by Bruce Larson [and others] |
| 260 | |a Grand Rapids: |b Zondervan Pub. House, |c 1967. | ||
| 300 | |a 142 p. | ||
| 500 | |a "The chapters ... originally appeared in Faith at work magazine or the Faith at work edition of Groups that work, c1964." | ||
| 650 | 0 | |a Church group work. |9 129888 | |
| 700 | 1 | |a Larson, Bruce, |d 1925-2008. |9 129889 | |
| 730 | 0 | |a Faith at work. |9 129890 | |
| 906 | |a 7 |b cbc |c orignew |d u |e ocip |f 19 |g y-gencatlg | ||
| 942 | |2 lcc |c REF |h BV652.2 |i .G76 |m 1967 |6 BV06522 G76 | ||
| 952 | |0 0 |1 0 |2 lcc |4 0 |6 BV06522 G76 01967 |7 1 |8 REF |9 137591 |a CUI |b CUI |c CUI |d 2023-05-24 |l 0 |o BV652.2.G76 1967 |p CUI06630 |r 2023-05-24 00:00:00 |w 2023-05-24 |x 06630 |y REF | ||
| 999 | |c 221813 |d 221812 | ||